| 000 | 00862nam a22002897a 4500 | ||
|---|---|---|---|
| 003 | CHAP | ||
| 005 | 20220329140015.0 | ||
| 008 | 971013s1912 r 00010 d | ||
| 010 | _a45419 | ||
| 011 | _a46391 | ||
| 035 | _a50532 | ||
| 040 | _cCHAP | ||
| 082 |
_a678.2 _bT47 |
||
| 100 | 0 | 0 |
_aTerry, Humbert Lanphier. _9112447 |
| 245 | _aIndia-rubber and its manufacture; with chapters on gutta-rubber and balata | ||
| 260 |
_aNew York : _bVan Nostrand, _c1912 |
||
| 300 |
_a294 p. _b: ilus. |
||
| 590 |
_aBATCH-UPD _b10 _c20130110 _lUCH01 _h0331 |
||
| 590 |
_aBATCH-UPD _b10 _c20130110 _lUCH01 _h1948 |
||
| 590 |
_aCONVERSION _b10 _c20130109 _lUCH01 _h1325 |
||
| 650 | 1 | 4 |
_aBalata. _99620 |
| 650 | 1 | 4 |
_aCaucho _xIndustria. _920550 |
| 650 | 1 | 4 |
_aGutapercha. _951582 |
| 901 | _aBK | ||
| 942 | _cLIBRO | ||
| 949 |
_a678.2 T47 _bBC _cBPA _d-113502 _eBPA _h25537 _i50532 _si |
||
| 999 |
_c45419 _d45419 |
||